ბათუმის შოთა რუსთაველის სახელმწიფო უნივერსიტეტის ბიბლიოთეკა

თურქული ენის გრამატიკის სახელმძღვანელო : (ბიბ.ჩანაწერი № 55189)

000 -ლიდერი
ფიქსირებული სიგრძის საკონტროლო ველი 01203nam a2200241Ia 4500
001 - საკონტროლო ნომერი
საკონტროლო ველი 22264
003 - საკონტროლო ნომრის იდენტიფიკატორი
საკონტროლო ველი GE_BSU
005 - ბოლო ოპერაციის თარიღი და დრო
საკონტროლო ველი 20230216120531.0
008 - ფიქსირებული სიგრძის მონაცემთა ელემენტები - ზოგადი ინფორმაცია
ფიქსირებული სიგრძის საკონტროლო ველი 181216s2009||||ge |||||||||||||| ||geo||
020 ## - წიგნის საერთაშორისო სტანდარტული ნომერი
International Standard Book Number 978-9941-13-118-9
040 ## - კატალოგიზაციის წყარო
Transcribing agency GE_BSU
080 ## - უნივერსალური ათობითი კლასიფიკაციის ინდექსი
Universal Decimal Classification number 811.512.161'36(075.8) კ-44
100 ## - მთავარი ჩანაწერი - პიროვნების სახელი
Personal name კვანტალიანი, ელიდა
9 (RLIN) 16357
245 ## - ცნობა სათაურის შესახებ
Title თურქული ენის გრამატიკის სახელმძღვანელო :
Remainder of title უმაღლ. სასწავლებლების სტუდენტებისათვის /
Statement of responsibility, etc ელიდა კვანტალიანი, ნანა ჯანაშია ; რედ. ნოდარ ჯანაშია.
264 ## - წარმოების, გამოცემის, დისტრიბუციის და სხვა ცნობები
გამოცემის, წარმოების, დისტრიბუციის... ადგილი თბილისი :
გამოცემის, წარმოების, დისტრიბუციის... სახელწოდება თბილ. უნ-ტის გამ-ბა,
გამოცემის, წარმოების, დისტრიბუციის... თარიღი 2009.
300 ## - ფიზიკური აღწერა
Extent 235 გვ. ;
Dimensions 20 სმ.
653 ## - INDEX TERM--UNCONTROLLED
Uncontrolled term თურქული ენა
653 ## - INDEX TERM--UNCONTROLLED
Uncontrolled term თურქული ენის გრამატიკის სახელმძღვანელო
700 ## - ADDED ENTRY--PERSONAL NAME
Personal name ჯანაშია, ნანა
Relator term ავტორი
9 (RLIN) 16940
710 ## - ADDED ENTRY--CORPORATE NAME
Corporate name or jurisdiction name as entry element თსუ
9 (RLIN) 16941
942 ## - ADDED ENTRY ELEMENTS (KOHA)
Koha item type წიგნი
Source of classification or shelving scheme
ეგზემპლარები
ჩამოწერის სტატუსი დაკარგული ეგზემპლარის სტატუსი კლასიფიკაციის წყარო ან თაროზე გაწყობის სქემა დაზიანების სტატუსი არ გაიცემა მუდმივი მდებარეობა (დაცვის ადგილი) ამჟამინდელი ადგილსამყოფელი თაროზე განთავსების ადგილი შეძენის თარიღი ღირებულება, შესყიდვის ნორმალური ფასი სრული შენახვის შიფრი შტრიხკოდი ბოლო ოპერაციის თარიღი ეგზემპლარის მიმდევრობითი ნომერი (კეტერი?) ფასის ძალაში შესვლის თარიღი ეგზემპლარის სახეობა საჯარო შენიშვნა
          ბათუმის შოთა რუსთაველის სახელმწიფო უნივერსიტეტის მთავარი ბიბლიოთეკა ბათუმის შოთა რუსთაველის სახელმწიფო უნივერსიტეტის მთავარი ბიბლიოთეკა წიგნსაცავი 2018-12-17 5.00 811.512.161'36(075.8) კ-44 57315 2018-12-17 57315 2018-12-17 წიგნი 5.00₾.
          ბათუმის შოთა რუსთაველის სახელმწიფო უნივერსიტეტის მთავარი ბიბლიოთეკა ბათუმის შოთა რუსთაველის სახელმწიფო უნივერსიტეტის მთავარი ბიბლიოთეკა წიგნსაცავი 2018-12-17 5.00 811.512.161'36(075.8) კ-44 57316 2018-12-17 57316 2018-12-17 წიგნი 5.00₾.
          ბათუმის შოთა რუსთაველის სახელმწიფო უნივერსიტეტის მთავარი ბიბლიოთეკა ბათუმის შოთა რუსთაველის სახელმწიფო უნივერსიტეტის მთავარი ბიბლიოთეკა წიგნსაცავი 2018-12-17 5.00 811.512.161'36(075.8) კ-44 57317 2018-12-17 57317 2018-12-17 წიგნი 5.00 ₾.
          ბათუმის შოთა რუსთაველის სახელმწიფო უნივერსიტეტის მთავარი ბიბლიოთეკა ბათუმის შოთა რუსთაველის სახელმწიფო უნივერსიტეტის მთავარი ბიბლიოთეკა წიგნსაცავი 2018-12-17 5.00 811.512.161'36(075.8) კ-44 57318 2018-12-17 57318 2018-12-17 წიგნი 5.00 ₾.
          ბათუმის შოთა რუსთაველის სახელმწიფო უნივერსიტეტის მთავარი ბიბლიოთეკა ბათუმის შოთა რუსთაველის სახელმწიფო უნივერსიტეტის მთავარი ბიბლიოთეკა წიგნსაცავი 2018-12-17 5.00 811.512.161'36(075.8) კ-44 57319 2018-12-17 57319 2018-12-17 წიგნი 5.00 ₾.